|
|
|
|
| LEADER |
00000nam0a2200000 4500 |
| 001 |
349114 |
| 005 |
20231102010155.0 |
| 035 |
|
|
|a (RuTPU)RU\TPU\retro\1118
|
| 090 |
|
|
|a 349114
|
| 100 |
|
|
|a 20180412d1978 m y0rusy50 ca
|
| 101 |
0 |
|
|a rus
|
| 102 |
|
|
|a RU
|
| 105 |
|
|
|a a z 000zy
|
| 200 |
1 |
|
|a Ваша работоспособность сегодня
|f Н. А. Агаджанян [и др.]
|
| 210 |
|
|
|a Москва
|c Советская Россия
|d 1978
|
| 215 |
|
|
|a 86 с.
|c ил.
|
| 606 |
1 |
|
|a Работоспособность
|x Медицина
|2 stltpush
|3 (RuTPU)RU\TPU\subj\53401
|9 71661
|
| 610 |
1 |
|
|a биоритмы
|
| 610 |
1 |
|
|a эмоции
|
| 610 |
1 |
|
|a темперамент
|
| 610 |
1 |
|
|a критические дни
|
| 610 |
1 |
|
|a расчеты
|
| 610 |
1 |
|
|a перенапряжения
|
| 610 |
1 |
|
|a поведение
|
| 610 |
1 |
|
|a трудоспособность
|
| 610 |
1 |
|
|a активность
|
| 675 |
|
|
|a 612.7
|v 4
|
| 701 |
|
1 |
|a Агаджанян
|b Н. А.
|g Николай Александрович
|
| 701 |
|
1 |
|a Горшков
|b М. М.
|g Михаил Михайлович
|
| 701 |
|
1 |
|a Котельник
|b Л. А.
|g Леонид Алексеевич
|
| 701 |
|
1 |
|a Шевченко
|b Ю. В.
|g Юрий Васильевич
|
| 801 |
|
1 |
|a RU
|b 63413507
|c 20180412
|
| 801 |
|
2 |
|a RU
|b 63413507
|c 20180416
|g RCR
|
| 942 |
|
|
|c BK
|